000 00571nam a22001817a 4500
005 20240131091902.0
008 240131b |||||||| |||| 00| 0 eng d
020 _a9780639010366 ; 9780639010373
041 _aEnglish
082 _a347 MAR
100 _aMarnewick, CG
_lEnglish
245 _aLitigation Skills for South African Lawyers /
_cCG Marnewick
250 _aFirst Edition
260 _aDurban :
_bLexisNexis (Pty) Ltd,
_c2019
300 _bxxi, 534 pages ;
_c25 cm.
650 _aLegal practice
_bLaw
942 _cBK
_6ALISON_BN_VRIES
999 _c1313
_d1313